[Event "Lleida Regional-ch"]
[Site "Lleida"]
[Date "2019.12.15"]
[Round "9"]
[White "Estruch Andreu, Lluc"]
[Black "Aranzana Areste, Alberto"]
[Result "1-0"]
[WhiteElo "1608"]
[BlackElo "1848"]
[PlyCount "111"]
[EventDate "2019.10.13"]
[EventType "swiss"]
[EventRounds "9"]
[EventCountry "ESP"]
[SourceTitle "EXT 2021"]
[Source "ChessBase"]
[SourceDate "2020.10.23"]
[SourceVersion "1"]
[SourceVersionDate "2020.10.23"]
[SourceQuality "1"]

1. d4 d5 2. c4 e6 3. Nc3 Nf6 4. Bg5 Be7 5. Nf3 0-0 6. e3 b6 7. cxd5 Nxd5 8. Bxe7 Qxe7 9. Rc1 Ba6 10. Bxa6 Nxa6 11. Qe2 Nab4 12. a3 Nxc3 13. Rxc3 Nd5 14. Rc6 Rfd8 15. 0-0 a5 16. Rfc1 Ra7 17. Qc2 f5 18. Ne5 Rb7 19. Qe2 Rd6 20. Qa6 Rb8 21. R6c2 Rf8 22. Qb7 Qg5 23. Nc6 Rd7 24. Nb8 Rdf7 25. f4 Qh5 26. Na6 c5 27. Qc6 Nxe3 28. Rd2 Nd5 29. dxc5 bxc5 30. g3 Qg6 31. Kh1 Qg4 32. Qxe6 Qf3+ 33. Kg1 Nf6 34. Qe2 Qa8 35. Nxc5 Qa7 36. Qa6 Qe7 37. Kf1 Ne4 38. Nxe4 Qxe4 39. Qc4 Qh1+ 40. Ke2 Qxh2+ 41. Kd1 Qh5+ 42. Qe2 Qg6 43. Rc3 h6 44. Qb5 Re7 45. Qxa5 Qh5+ 46. Kc2 Qh1 47. Qd5+ Qxd5 48. Rxd5 Re2+ 49. Rd2 Re4 50. b4 g5 51. Rd7 Rf7 52. Rxf7 Kxf7 53. b5 gxf4 54. gxf4 Rxf4 55. b6 Rf1 56. b7 1-0

[Event "Tarrega Lleida op"]
[Site "Tarrega"]
[Date "2017.06.03"]
[Round "7.10"]
[White "Estruch Andreu, Lluc"]
[Black "Rodon Balcells, Jaume"]
[Result "1-0"]
[WhiteElo "1432"]
[BlackElo "1832"]
[PlyCount "97"]
[EventDate "2017.04.22"]
[EventType "swiss"]
[EventRounds "8"]
[EventCountry "ESP"]
[SourceTitle "EXT 2024"]
[Source "ChessBase"]
[SourceDate "2023.10.10"]
[SourceVersion "1"]
[SourceVersionDate "2023.10.10"]
[SourceQuality "1"]

1. d4 d5 2. c4 c6 3. Nc3 Nf6 4. Bg5 h6 5. Bh4 dxc4 6. e3 b5 7. a4 b4 8. Na2 b3 9. Nc3 Be6 10. Nf3 Nbd7 11. Be2 g5 12. Bg3 Bg7 13. Nd2 0-0 14. Nxc4 Nb6 15. Na5 Bd5 16. Bf3 Nc4 17. Nxc4 Bxc4 18. Bxc6 Rc8 19. Bb7 Rc7 20. Bxc7 Qxc7 21. Bf3 Qd7 22. Be2 Qc6 23. Bxc4 Qxc4 24. Qe2 Qc6 25. 0-0 Rb8 26. Rac1 Qb7 27. Qb5 Qc8 28. Nd5 Qf8 29. Nxe7+ Kh8 30. Qxb8 Qxb8 31. Rc8+ Qxc8 32. Nxc8 a6 33. Rc1 Ne4 34. Rc7 f5 35. Ne7 f4 36. Nf5 Bf6 37. Nxh6 fxe3 38. fxe3 Bg7 39. Nf5 Bf6 40. Rc8+ Kh7 41. Ra8 Kg6 42. g4 Nd2 43. Rxa6 Nc4 44. a5 Nxb2 45. e4 Nc4 46. e5 b2 47. Rxf6+ Kh7 48. Rf7+ Kg6 49. Rg7# 1-0

[Event "Tarrega Lleida op"]
[Site "Tarrega"]
[Date "2017.05.27"]
[Round "6.8"]
[White "Farre Selma, David"]
[Black "Estruch Andreu, Lluc"]
[Result "1/2-1/2"]
[WhiteElo "1918"]
[BlackElo "1432"]
[PlyCount "127"]
[EventDate "2017.04.22"]
[EventType "swiss"]
[EventRounds "8"]
[EventCountry "ESP"]
[SourceTitle "EXT 2024"]
[Source "ChessBase"]
[SourceDate "2023.10.10"]
[SourceVersion "1"]
[SourceVersionDate "2023.10.10"]
[SourceQuality "1"]

1. Nf3 Nf6 2. c4 Nc6 3. d4 e6 4. Nc3 d5 5. Bg5 Be7 6. e3 0-0 7. Bd3 h6 8. Bxf6 Bxf6 9. a3 dxc4 10. Bxc4 e5 11. d5 Na5 12. Bd3 c6 13. 0-0 cxd5 14. Nxd5 Re8 15. Qa4 Nc6 16. Qe4 g6 17. Bc4 Bf5 18. Nxf6+ Qxf6 19. Qd5 e4 20. Nd4 Re5 21. Nxf5 Rxd5 22. Nxh6+ Kg7 23. Bxd5 Kxh6 24. Bxe4 Qe5 25. Bf3 Kg7 26. Rfd1 Rd8 27. Rxd8 Nxd8 28. Rd1 Nc6 29. b3 Qb2 30. h4 Ne5 31. Bxb7 Qxb3 32. Rd5 Qxb7 33. Rxe5 Qb1+ 34. Kh2 Qb8 35. f4 Qd6 36. a4 f6 37. Rb5 Qc6 38. Rb4 a6 39. Rd4 Kf8 40. Kg3 Ke7 41. Kf2 Ke6 42. g4 Qh1 43. Kg3 Qe1+ 44. Kf3 Qxh4 45. f5+ Kf7 46. fxg6+ Kxg6 47. Ke2 Qh2+ 48. Kd3 Qg3 49. Ke2 Qg2+ 50. Kd3 Qf3 51. Kd2 Kg5 52. Kd3 Qf1+ 53. Kd2 Kg6 54. Rf4 Qg2+ 55. Kd3 Qb2 56. Rd4 Kg5 57. Rf4 Qb3+ 58. Kd2 Qa3 59. Ke2 Qa2+ 60. Kf3 Qc2 61. Rf5+ Kg6 62. Rf4 Qd1+ 63. Kf2 Kg5 64. Rd4 1/2-1/2

[Event "Salou op"]
[Site "Salou"]
[Date "2017.04.29"]
[Round "1"]
[White "Sherf, Roni"]
[Black "Estruch Andreu, Lluc"]
[Result "1-0"]
[WhiteElo "2134"]
[BlackElo "1432"]
[PlyCount "49"]
[EventDate "2017.04.29"]
[EventType "swiss"]
[EventRounds "6"]
[EventCountry "ESP"]
[SourceTitle "CBM 178 Extra"]
[Source "ChessBase"]
[SourceDate "2017.06.22"]
[SourceVersion "1"]
[SourceVersionDate "2017.06.22"]
[SourceQuality "1"]

1. e4 g6 2. d4 Bg7 3. Nc3 d6 4. Bg5 a6 5. Nf3 b5 6. a3 Nd7 7. h4 h5 8. Qd2 Bb7 9. Be2 Ngf6 10. e5 Nd5 11. e6 N7f6 12. exf7+ Kxf7 13. 0-0 Re8 14. Rad1 Nxc3 15. bxc3 Ne4 16. Qe3 Bf6 17. Bd3 Nxg5 18. Nxg5+ Bxg5 19. Qxg5 Rg8 20. d5 c6 21. f4 Bc8 22. f5 gxf5 23. Qxh5+ Kf8 24. Bxf5 Qb6+ 25. Kh1 1-0

[Event "Lleida op"]
[Site "Lleida"]
[Date "2016.06.18"]
[Round "9.6"]
[White "Biosca Lacasa, Jordi"]
[Black "Estruch Andreu, Lluc"]
[Result "1/2-1/2"]
[WhiteElo "1898"]
[BlackElo "1367"]
[PlyCount "166"]
[EventDate "2016.04.23"]
[EventType "swiss"]
[EventRounds "9"]
[EventCountry "ESP"]
[SourceTitle "EXT 2024"]
[Source "ChessBase"]
[SourceDate "2023.10.10"]
[SourceVersion "1"]
[SourceVersionDate "2023.10.10"]
[SourceQuality "1"]

1. d4 Nf6 2. Bf4 g6 3. e3 Bg7 4. Nf3 d6 5. Bc4 0-0 6. 0-0 Bg4 7. Nbd2 Nbd7 8. c3 c6 9. Qc2 d5 10. Bd3 Bxf3 11. Nxf3 Re8 12. a4 Nh5 13. Be2 Nxf4 14. exf4 e6 15. b4 Qc7 16. g3 Rac8 17. a5 Bf8 18. Ra2 a6 19. Nd2 f6 20. Nb3 e5 21. fxe5 fxe5 22. Bg4 e4 23. Nc5 Re7 24. Nxd7 Rxd7 25. Bxd7 Qxd7 26. Kg2 Bd6 27. Qe2 Re8 28. h3 Qf5 29. Qg4 Qf6 30. Re1 h5 31. Qe2 h4 32. Qe3 Kg7 33. Rg1 Rf8 34. gxh4 Qxh4 35. Qe2 Rf3 36. Rh1 Rxc3 37. Qg4 Qxg4+ 38. hxg4 Bxb4 39. Rb2 Rc4 40. Rhb1 Bxa5 41. Rxb7+ Kf6 42. Ra1 Bb4 43. Rxa6 Kg5 44. Rbb6 Kxg4 45. Rxc6 Rxd4 46. Rxg6+ Kf4 47. Rgf6+ Kg4 48. Ra8 Rd2 49. Rg8+ Kh5 50. Rf7 Kh6 51. Rg3 Bc5 52. Rf6+ Kh5 53. Rf5+ Kh6 54. Rf4 Kh5 55. Kh3 Be7 56. Rf7 Bg5 57. Rg7 Bf4 58. Rh7+ Bh6 59. Kg2 Rd3 60. Rxd3 exd3 61. Rd7 d2 62. Rxd5+ Kg4 63. Rd4+ Kf5 64. Kf3 Ke5 65. Rd7 Bg5 66. Ke2 Ke4 67. f3+ Kf5 68. Rd5+ Kf6 69. Rd8 Kf5 70. Rf8+ Ke5 71. Ra8 Kf5 72. Ra4 Ke5 73. Ra1 Kf5 74. Rf1 Ke5 75. Rf2 Kf5 76. Rg2 Kf6 77. Rg4 Kf5 78. Rd4 Ke5 79. Rd3 Kf5 80. Kf2 Ke5 81. Kg3 Kf5 82. Rd7 Bf4+ 83. Kf2 Bg5 1/2-1/2

[Event "Lleida op"]
[Site "Lleida"]
[Date "2016.06.04"]
[Round "7.9"]
[White "Sanuy Moncasi, Albert"]
[Black "Estruch Andreu, Lluc"]
[Result "1/2-1/2"]
[WhiteElo "1939"]
[BlackElo "1367"]
[PlyCount "66"]
[EventDate "2016.04.23"]
[EventType "swiss"]
[EventRounds "9"]
[EventCountry "ESP"]
[SourceTitle "EXT 2024"]
[Source "ChessBase"]
[SourceDate "2023.10.10"]
[SourceVersion "1"]
[SourceVersionDate "2023.10.10"]
[SourceQuality "1"]

1. d4 Nf6 2. Nf3 g6 3. Bf4 Bg7 4. e3 d6 5. Bc4 Bg4 6. Nbd2 Nbd7 7. h3 Bxf3 8. Nxf3 0-0 9. c3 Re8 10. Qb3 e6 11. g4 Nb6 12. Be2 c6 13. 0-0-0 Nfd5 14. Bg5 Qc7 15. e4 Nf6 16. Bxf6 Bxf6 17. g5 Bg7 18. h4 c5 19. h5 cxd4 20. Nxd4 d5 21. Rh4 gxh5 22. Bxh5 dxe4 23. Rxe4 Qh2 24. Bxf7+ Kxf7 25. Nxe6 Kg6 26. Qc2 Kf7 27. g6+ hxg6 28. Ng5+ Kg8 29. Qb3+ Kh8 30. Nf7+ Kh7 31. Ng5+ Kh8 32. Nf7+ Kh7 33. Ng5+ Kh8 1/2-1/2

[Event "Lleida op"]
[Site "Lleida"]
[Date "2016.05.14"]
[Round "4.9"]
[White "Massot Ribe, Jesus"]
[Black "Estruch Andreu, Lluc"]
[Result "1-0"]
[WhiteElo "1809"]
[BlackElo "1367"]
[PlyCount "81"]
[EventDate "2016.04.23"]
[EventType "swiss"]
[EventRounds "9"]
[EventCountry "ESP"]
[SourceTitle "EXT 2024"]
[Source "ChessBase"]
[SourceDate "2023.10.10"]
[SourceVersion "1"]
[SourceVersionDate "2023.10.10"]
[SourceQuality "1"]

1. d4 Nf6 2. Nf3 g6 3. c4 Bg7 4. g3 d6 5. Bg2 Nc6 6. h3 0-0 7. Nc3 e5 8. 0-0 exd4 9. Nxd4 Ne5 10. b3 Rb8 11. Bb2 Re8 12. Qd2 Be6 13. Rad1 Qd7 14. Nxe6 Qxe6 15. Nb5 Qe7 16. Rfe1 a6 17. Nc3 Nfd7 18. Nd5 Qd8 19. f4 Nc6 20. Bxg7 Kxg7 21. Qc3+ Kg8 22. Ne3 Nc5 23. Ng4 Nd7 24. Nh6+ Kf8 25. Qh8+ Ke7 26. Qg7 Rf8 27. Bd5 Qe8 28. Rd3 Kd8 29. Nxf7+ Kc8 30. Bxc6 bxc6 31. Ng5 h6 32. Nf3 Nf6 33. Qxh6 Ne4 34. Qh4 Kb7 35. Re3 Rh8 36. Qg4 d5 37. cxd5 cxd5 38. Ng5 Qc6 39. Nxe4 Rbe8 40. Rc3 Qb6+ 41. Nc5+ 1-0

[Event "Lleida-ch B"]
[Site "La Guardia"]
[Date "2015.11.29"]
[Round "9.2"]
[White "Estruch Andreu, Lluc"]
[Black "Cosialls Ris, Ramon"]
[Result "0-1"]
[WhiteElo "1851"]
[BlackElo "1974"]
[PlyCount "66"]
[EventDate "2015.09.27"]
[EventType "swiss"]
[EventRounds "9"]
[EventCountry "ESP"]
[SourceTitle "EXT 2024"]
[Source "ChessBase"]
[SourceDate "2023.10.10"]
[SourceVersion "1"]
[SourceVersionDate "2023.10.10"]
[SourceQuality "1"]

1. d4 d5 2. c4 c6 3. Nf3 Nf6 4. Nc3 e6 5. Bg5 h6 6. Bh4 dxc4 7. e4 g5 8. Bg3 b5 9. Rc1 Bb7 10. a4 Bb4 11. Qc2 a6 12. Rd1 Qe7 13. Be2 Nbd7 14. 0-0 Nb6 15. axb5 axb5 16. Ra1 0-0 17. Na2 c5 18. Be5 Nxe4 19. Nxb4 cxb4 20. b3 Nc3 21. bxc4 Nxe2+ 22. Qxe2 bxc4 23. Nd2 Rfc8 24. Rxa8 Bxa8 25. Nf3 c3 26. Nxg5 Qxg5 27. f4 Qg6 28. g3 c2 29. Rc1 b3 30. Qb5 Qe4 31. Kf2 Qf3+ 32. Ke1 Qe3+ 33. Kf1 Qxc1+ 0-1

[Event "Lleida-ch B"]
[Site "La Guardia"]
[Date "2015.11.15"]
[Round "7.3"]
[White "Cardona Marin, Wilson"]
[Black "Estruch Andreu, Lluc"]
[Result "0-1"]
[WhiteElo "1995"]
[BlackElo "1851"]
[PlyCount "70"]
[EventDate "2015.09.27"]
[EventType "swiss"]
[EventRounds "9"]
[EventCountry "ESP"]
[SourceTitle "EXT 2024"]
[Source "ChessBase"]
[SourceDate "2023.10.10"]
[SourceVersion "1"]
[SourceVersionDate "2023.10.10"]
[SourceQuality "1"]

1. d4 d5 2. Bf4 Nf6 3. e3 Bf5 4. Bd3 Bxd3 5. Qxd3 e6 6. Qb5+ Nbd7 7. Nf3 Bd6 8. Ne5 0-0 9. 0-0 Bxe5 10. dxe5 Nh5 11. Nd2 Nxf4 12. exf4 Nb6 13. Rad1 Qd7 14. Qd3 Qa4 15. g3 c5 16. b3 Qc6 17. c3 Rfd8 18. Nf3 h6 19. Rd2 c4 20. Qd4 Rac8 21. b4 Qa4 22. Qe3 Qa3 23. Nd4 Ra8 24. Nb5 Qa4 25. Nd6 Qd7 26. a4 Nc8 27. Nxc4 Qxa4 28. Rfd1 Ne7 29. Nd6 b6 30. Qf3 Nc8 31. Nc4 Ne7 32. Ne3 Rac8 33. f5 Rxc3 34. fxe6 fxe6 35. Qg4 Rc6 0-1

[Event "Manresa op 31st"]
[Site "Manresa"]
[Date "2014.10.11"]
[Round "4"]
[White "Estruch Andreu, Lluc"]
[Black "Oliveres Puigdellivol, Pere"]
[Result "1-0"]
[WhiteElo "1805"]
[BlackElo "1941"]
[PlyCount "44"]
[EventDate "2014.09.20"]
[EventType "swiss"]
[EventRounds "8"]
[EventCountry "ESP"]
[SourceTitle "EXT 2016"]
[Source "ChessBase"]
[SourceDate "2015.10.08"]
[SourceVersion "1"]
[SourceVersionDate "2015.10.08"]
[SourceQuality "1"]

1. d4 b6 2. c4 d6 3. Nc3 c5 4. d5 g6 5. Bg5 Bg7 6. Qd2 Nd7 7. Nf3 Ngf6 8. e3 h6 9. Bh4 a6 10. Bd3 Ng4 11. 0-0 Nde5 12. Nxe5 Nxe5 13. h3 Bxh3 14. f4 Nxd3 15. gxh3 g5 16. Bg3 gxf4 17. exf4 Bd4+ 18. Kh2 Nxf4 19. Qxf4 f6 20. Rae1 Kd7 21. Re2 Qf8 22. Rfe1 Rg8 1-0